000 00286nam a22001217a 4500
008 181123b xxu||||| |||| 00| 0 eng d
041 _aeng
080 _a043.3
100 _a0
101 _aBTH-SHKI
245 _aOpen Banking Implementation and Benefits
_cPrekazi, V
942 _2udc
_cBK
999 _c52463
_d52463